Berühmte Deutsche - Statistiken

Allgemein
  • Dieses Quiz wurde 23.070 mal gespielt
  • Das Durchschnittsergebnis liegt bei 15 aus 22
Antwortstatistiken
Hinweis Deutsche(r) % Korrekt
Erste weibliche Kanzlerin Angela Merkel
98%
Relativitätstheorie Albert Einstein
97%
Der berüchtigste Deutsche der Geschichte (in Österreich geboren) Adolf Hitler
93%
TV-Model bekannt aus Germany's Next Topmodel Heidi Klum
91%
Autor von "Faust" Johann Wolfgang von Goethe
91%
Begann die protestantische Reformation Martin Luther
83%
Siebenfacher Formel-1-Champion Michael Schumacher
81%
Kanzler der Westdeutschland wieder aufbaute (1949-1963) Konrad Adenauer
79%
Erfinder des Buchdruckes Johannes Gutenberg
78%
"Eiserner Kanzler", der Deutschland vereinigte Otto von Bismarck
71%
"Mondscheinsonate" Ludwig van Beethoven
70%
Papst, 2005-2013 Papst Benedikt XVI.
70%
Kaiser während des 1. Weltkrieges Wilhelm II.
66%
"Das Kapital" Karl Marx
58%
Gewinnerin von 22 Grand Slams Steffi Graf
58%
"Großer" König Preußens Friedrich der Große
50%
"Brandenburgische Konzerte" Johann Sebastian Bach
47%
"Wüstenfuchs"-General im 2. Weltkrieg Erwin Rommel
46%
Philosoph der sagte "Gott ist tot" Friedrich Nietzsche
44%
"Ritt der Walküren" Richard Wagner
40%
Autor von "die Blechtrommel" Günter Grass
34%
Vater der Raketenwaffen Wernher von Braun
31%
Keine übereinstimmenden Quizze gefunden
Verteilung der Resultate
Anzahl Personen mit jedem Resultat
Perzentil nach korrekt beantworteten Fragen
Ihre Resultats-Entwicklung
Sie haben dieses Quiz noch nicht gespielt